PR-SOF-2396-Multi Terminal EV Charging Station with PV Support (Record no. 612884)

000 -LEADER
fixed length control field 00409nam a22001337a 4500
040 ## - CATALOGING SOURCE
Transcribing agency NUST
082 ## - DEWEY DECIMAL CLASSIFICATION NUMBER
Classification number 220 PRO
100 ## - MAIN ENTRY--PERSONAL NAME
Personal name Ehtisham ul Haq Momin Adnan Muzammil Sohail
9 (RLIN) 127858
110 ## - MAIN ENTRY--CORPORATE NAME
Corporate name or jurisdiction name as entry element Project Supervisor Dr Taosif Iqbal
245 ## - TITLE STATEMENT
Title PR-SOF-2396-Multi Terminal EV Charging Station with PV Support
260 ## - PUBLICATION, DISTRIBUTION, ETC.
Place of publication, distribution, etc. ISLAMABAD:
Name of publisher, distributor, etc. NUST COLLEGE OF EME,
Date of publication, distribution, etc. 2024.
650 ## - SUBJECT ADDED ENTRY--TOPICAL TERM
Source of heading or term DE-ELECT-42
942 ## - ADDED ENTRY ELEMENTS (KOHA)
Source of classification or shelving scheme
Koha item type Project Report
Holdings
Withdrawn status Lost status Source of classification or shelving scheme Damaged status Not for loan Permanent Location Current Location Shelving location Date acquired Total Checkouts Full call number Barcode Date last seen Price effective from Koha item type
          College of Electrical & Mechanical Engineering (CEME) College of Electrical & Mechanical Engineering (CEME) Reference 02/13/2025   220 PRO PR-SOF-2396 02/13/2025 02/13/2025 Project Report
© 2023 Central Library, National University of Sciences and Technology. All Rights Reserved.